Corpus juridico de la familia homoparental : perspectiva europea, estatal y autonomica /
Gespeichert in:
| Weitere Verfasser: | , , |
|---|---|
| Format: | Buch |
| Sprache: | Spanisch |
| Veröffentlicht: |
Madrid :
Aet,
[2014]
|
| Tags: |
Keine Tags, Fügen Sie das erste Tag hinzu!
|
MARC
| LEADER | 00000nam a22000007i 4500 | ||
|---|---|---|---|
| 001 | IT\ICCU\UBO\4170039 | ||
| 003 | ItRI | ||
| 005 | 20260115232024.0 | ||
| 008 | 160216s2014 sp |||||| ||||| |||||c | ||
| 020 | |a 9788469709283 | ||
| 040 | |b ita |c importazione bologna sebina | ||
| 041 | 7 | |a spa |2 ISO-639-2 | |
| 245 | 0 | 0 | |a Corpus juridico de la familia homoparental : |b perspectiva europea, estatal y autonomica / |c Victor Luis Gutierrez Castillo, Jonatan Cruz Angeles, Manuel Rodenas Perez. |
| 260 | |a Madrid : |b Aet, |c [2014] | ||
| 300 | |a 303 p. ; |c 21 cm | ||
| 700 | 1 | |a Cruz Angeles, Jonatan |0 IT\ICCU\UBOV\426171 | |
| 700 | 1 | |a Gutierrez Castillo, Victor Luis |0 IT\ICCU\USMV\949431 | |
| 700 | 1 | |a Rodenas Perez, Manuel |0 IT\ICCU\UBOV\426172 | |
| 942 | |2 ddc |c BK |n 0 | ||
| 952 | |0 0 |1 0 |4 0 |6 DOC_306_874000000000000_GUT |7 0 |9 19001 |a BO |b BO |d 2026-01-15 |i 17900 |l 0 |o DOC 306.874 GUT |p BO17900 |r 2026-01-15 23:20:24 |w 2026-01-15 |x [Sebina 5] [1 v.] |y BK |z 1 v. | ||
| 999 | |c 16154 |d 16154 | ||